00361nam a2200145 a 4500008004100000020001500041050001600056100001900072245001400091250001300105260004600118300002300164350000900187700001900196120416s1988 ||||||||||||||||| || u a0256058156 aHF 5429 Mas aEzell, Hazel F10aRetailing a3rd. ed. aPlano, TexasbBusiness Publicationsc1988 axviii, 638p. : ill a0.00 aMason, Barry J